| 000 | 00756nam a22002531 4500 | ||
|---|---|---|---|
| 001 | 10540 | ||
| 003 | BD-RjUL | ||
| 005 | 20211208234955.0 | ||
| 008 | 140125s1967 nyua b 00110 eng | ||
| 035 | _a(BD-RjUL)10588 | ||
| 040 |
_aDLC _cDLC _dm.c. _dBOS _dBOS _dBD-RjUL _beng |
||
| 041 | _aeng | ||
| 082 |
_a547.23 _bRYC 1967 |
||
| 090 |
_aQD281.H8 _bF67 |
||
| 100 | 1 |
_aRylander, Paul Nels, _d1920- _932587 |
|
| 245 | 1 | 0 |
_aCatalytic hydrogenation over platinum metals / _cPaul N. Rylander. |
| 260 |
_aNew York : _bAcademic Press, _cc1967. |
||
| 300 |
_axii, 550 p. : _billus. ; _c22 cm. |
||
| 504 | _aIncludes bibliographies and index. | ||
| 650 | 0 |
_aHydrogenation. _932588 |
|
| 650 | 0 |
_aPlatinum catalysts. _932589 |
|
| 942 |
_2ddc _cBK |
||
| 999 |
_c10540 _d10540 |
||